Responses for Show #437 - Tuesday, May 13, 1986

Contestants

[<< previous game]

Bill Carroll, a purchasing agent from North Hollywood, California

Stanton Korn, an attorney from Studio City, California

Molly McClellan, a naval officer from San Diego, California (whose 2-day cash winnings total $17,698)

[next game >>]

Jeopardy! Round responses

FAMOUS FIRSTS
MEDICINES
LITERARY QUOTES
ACTORS & ACTRESSES
PRODUCE
STREET SONGS
    $100 8
the first World Series

Bill
    $100 13
liver

Bill
    $100 20
(Bill: Who is Virgil?)

Homer

MollyBill
    $100 1
Steve McQueen

Molly
    $100 19
bananas

Bill
    $100 6
"The Street Where You Live"

Molly
    $200 10
made the first transatlantic flight

Triple Stumper
    $200 14
St. Joseph's

Bill
    $200 21
a home

Molly
    $200 2
(Roscoe) "Fatty" Arbuckle

Bill
    $200 25
spinach

Molly
    $200 7
(Stanton: [*].)
(Alex: Be sure to...)
(Stanton: What is [*]?)

"Watching The Girls Go By"

Stanton
    $300 16
wives

Stanton
    $300 15
(Stanton: What is diarrhea?)

castor oil

Stanton
Triple Stumper
    $300 22
"Spare That Tree"

Bill
    $500 3
(Bill: Who is Doris Day?)
[The song was not reprised going into the break.]

Debbie Reynolds

Bill
    $300 26
cauliflower, broccoli or artichoke

Bill
    $300 9
"Fifth Avenue"

Stanton
    $400 17
the first motion picture to win an Academy Award for Best Picture

Stanton
    $400 27
(Stanton: What is cold cream?)
...
(Alex: It was almost like a spoonful a day, the same as vitamins. [*]. [**])

petroleum jelly (Vaseline)

Stanton
Triple Stumper
    $400 23
a salesman

Molly
    $400 4
Marlon Brando

Molly
    $400 11
South Street

Bill
    $500 18
the Yellow Kid

Triple Stumper
    $500 28
[The end-of-round signal sounds.]

Alka-Seltzer

Triple Stumper
    $500 24
(Alex: We're down to about a minute to go in the round.)

honor

Triple Stumper
    $500 5
Donna Reed

Bill
    $500 12
(Molly: What is Hollywood & Vine?)

34th & Vine

MollyBill

Scores at the first commercial break (after clue 10):

Molly Stanton Bill
$600 $500 $300

Scores at the end of the Jeopardy! Round:

Molly Stanton Bill
$1,000 $500 $2,100

Double Jeopardy! Round responses

(Alex: Another in our continuing series on U.S. states...)
ALASKA
LAW
THE 1950's
SPORTS TRIVIA
PRESIDENTIAL MIDDLE NAMES
FAMOUS LASTS
(Alex: We had FAMOUS FIRSTS in the first round, and now we have LASTS.)
    $200 2
Anchorage

Molly
    $200 21
(Bill: What is running a stoplight?)
...
(Alex: Yeah, he was going 12 miles per hour. Glad they caught him.)

speeding

StantonBill
    $200 1
(Molly: Who are [**] and [*]?)
(Alex: Yes. Normally referred to as [*] & [**].)
(Molly: Sorry, I don't know.)
(Alex: You took me by surprise.)
(Molly: I was just a kid.)

Martin & Lewis

Molly
    $200 23
(Alex: We've got a minute to go in the round.)

4

Triple Stumper
    $200 16
Franklin Roosevelt

Stanton
    $200 5
(Bill: What was the last day that they were... didn't have to eat fish on Friday?)
(Alex: How about we say [*]?)
[Laughter]

the last meatless Friday

Bill
    $400 3
Russia

Molly
    $400 22
ambulance chasing

Bill
    $400 12
San Francisco

Molly
    $400 27
stickball

Bill
    $400 17
Jimmy Carter

Stanton
    $400 6
Senator John Warner

Stanton
    $600 4
(Alex: Yes, because the Army was too busy fighting those Indian wars.)

the Navy

Bill
    $600 24
ex post facto

Triple Stumper
    $600 13
Lady Chatterley's Lover

Bill
    $600 28
Jesse Owens

Bill
    $600 18
John Calvin Coolidge

Triple Stumper
    $600 7
George VI

Molly
    $800 8
(Molly: What is Prudhome Bay? [*]?)
[Originally ruled correct; reversed before Final Jeopardy!]
(Alex: Yeah, [*]. I thought I heard you say Prudhome first, but go ahead.)

Prudhoe Bay

Molly
Triple Stumper
    $800 25
Louisiana

Stanton
    $800 14
(Bill: Who is Hugh Hefner?)
...
(Alex: His advisors told him he looked a little more human if he didn't wear the Army uniform. Show up in pajamas.)

(Fidel) Castro

MollyBill
    $300 29
(Bill: Who are the [*]?)
(Alex: Right.)
(Bill: Who are the [**]?)
(Alex: Right.)
(Bill: Who are the Baltimore Colts?)
[The end-of-round signal sounds.]

(3 of) Pittsburgh Steelers, Miami Dolphins, Green Bay Packers, Dallas Cowboys, San Francisco 49ers, Oakland/Los Angeles Raiders

Bill
    $800 19
Chester Alan Arthur

Triple Stumper
    $800 10
The Misfits

Molly
    $1000 9
(Bill: What is blubber?)

raw meat (or raw flesh)

Bill
Triple Stumper
    $1000 26
Thurgood Marshall

Stanton
    $1000 15
Secretary of Agriculture

Triple Stumper
    $400 20
John Quincy Adams

Stanton
    $1000 11
(Bill: What is the dodo?)
(Stanton: What is the platypus?)

passenger pigeons

StantonBill
Triple Stumper

Scores at the end of the Double Jeopardy! Round:

Molly Stanton Bill
$3,600 $2,900 $1,600

[wagering suggestions for these scores]

Final Jeopardy! Round responses

THE OLD WEST
BillWho was Wild Bill Hickok?
$1,599
StantonWho is Kit Carson?
$1,900
MollyWho was Wild Bill Hickock?
$3,598
William "Buffalo Bill" Cody

Final scores:

Molly Stanton Bill
$2 $1,000 $1
2nd place: trip to Marco Polo Hotel in Miami New champion: $1,000 3rd place: Little Lake furniture set

Game dynamics:

Coryat scores:

Molly Stanton Bill
$3,600 $3,500 $2,400
14 R,
2 W
11 R
(including 1 DD),
3 W
16 R,
7 W
(including 2 DDs)

Combined Coryat: $9,500

[game clues] [game scores] [suggest correction]

Game tape date: 1985-12-10
The J! Archive is created by fans, for fans. Scraping, republication, monetization, and malicious use prohibited; this site may use cookies and collect identifying information. See terms. The Jeopardy! game show and all elements thereof, including but not limited to copyright and trademark thereto, are the property of Jeopardy Productions, Inc. and are protected under law. This website is not affiliated with, sponsored by, or operated by Jeopardy Productions, Inc. Join the discussion at JBoard.tv.